PBL Champions - Statistics

General Stats
  • This quiz has been taken 20 times
  • The average score is 7 of 9
Answer Stats
Answer % Correct
S9 Elegant Eagles
100%
S2 Flagrant Fowl
93%
S3 Flagrant Fowl
93%
S6 Flagrant Fowl
93%
S7 Flagrant Fowl
93%
S4 B-Team
79%
S5 B-Team
79%
S1 Piggy in Pink
57%
S8 Piggy in Pink
57%
No matching quizzes found
Score Distribution
Percent of People with Each Score
Percentile by Number Answered
Your Score History
You have not taken this quiz